000
00241 a2200109 4500
999
_c
325903
_d
325903
001
90830
003
NUST
082
_a
297.4 ZAK
100
_a
Dr Zaakir Naik
_9
9627
245
_a
Haqiqat e Islam
_c
Dr Zaakir Naik
300
_a
159p
942
_a
CAE NUST
_c
BK
_k
297.4 ZAK
_2
ddc